| 000 | 00673cab a2200229 4500 | ||
|---|---|---|---|
| 001 | ABS44140 | ||
| 008 | 090401t1991 xxu||||| |||| 00| 0 eng d | ||
| 035 | _a(Sirsi) u45513 | ||
| 041 | _aeng | ||
| 100 | _aWalton, W. | ||
| 245 | _aHole new ball game in booming leisure field | ||
| 260 | _c1991 | ||
| 350 | _a0 | ||
| 490 |
_aPlanning (for the Natural and Built Environment) _vno 904 8 February 1991 20-21(2) |
||
| 520 | _aConsiders the planning implications of the growing demand for golf courses . | ||
| 650 | _aGOLF VILLAGE | ||
| 650 | _aROYAL AND ANCIENT | ||
| 650 | _aSET ASIDE | ||
| 690 | _aPLANNING LAW AND PRACTICE | ||
| 942 | _n0 | ||
| 948 | _c04/03/1997 | ||
| 999 |
_c28853 _d28853 |
||